000 01098naa a22002897a 4500
001 BR8603057
003 BR-BrBNA
005 20240918175729.0
007 ta
008 230509b bl.||||| |||| 00| 0 por d
040 _aBR-BrBNA
_bpor
_cBiblioteca Nacional de Agricultura
041 _a(Pt)
072 _aL74
_b5212
090 _aL74 BR8603057
100 1 _aPinheiro, L.E.L.
111 1 _a6. Simposio Nacional de Reproducao Animal
_cBelo Horizonte, MG (Brazil)
_d15-19 Jul 1985
245 1 _aAconselhamento genetico: experiencia com bovinos
246 1 _a[Genetic advice: experience with bovines]
246 1 _a[Annals of the 6. National Symposium of Animal Reproduction]
260 3 _aCampinas, SP (Brasil):
_c1986.
500 _aAnais do 6. Simposio Nacional de Reproducao Animal Campinas, SP (Brasil): 1986. p. 217-226 (BR8603057-AM)L74
650 _aBOVINO
650 _aDISTURBIO GENETICO
773 0 _tAnais do 6. Simposio Nacional de Reproducao Animal
_wL74 BR8603057
_gCampinas, SP (Brasil), 1986. p. 217-226
909 _a202404
_bLucia
_c55
_dLucia Elande
942 _cAM
_2AGRIS
999 _c317930
_d317930